000 00636cam a22002173a 4500
001 43569
003 PGUSA
005 20140828084006.0
008 130827s2013||||xxu|||||s|||||000 | eng d
040 _aPGUSA
_beng
042 _adc
100 1 _aMitchell, Lebbeus,
_d1879-1963
245 1 0 _aBobby in Search of a Birthday
_h[electronic resource] /
_cLebbeus Mitchell
260 _bProject Gutenberg,
_c2013
506 _aPublic domain in the USA.
516 _aElectronic text
700 1 _aNuyttens, Josef Pierre,
_d1885-1960
830 0 _aProject Gutenberg
_v43569
856 4 0 _uhttp://www.gutenberg.org/ebooks/43569
942 _cEB
999 _c272820
_d272820